Regions of the United States - Statistics

General Stats
  • This quiz has been taken 83 times
  • The average score is 6 of 7
Answer Stats
Picture Answer % Correct
Southeast
97%
Midwest
95%
New England
92%
Southwest
79%
Pacific Northwest
71%
Mid-Atlantic
63%
Intermountain West
61%
No matching quizzes found
Score Distribution
Percent of People with Each Score
Percentile by Number Answered
Your Score History
You have not taken this quiz